The English National Character : (Record no. 610539)

MARC details
000 -LEADER
fixed length control field 00505nam a2200193 a 4500
008 - FIXED-LENGTH DATA ELEMENTS--GENERAL INFORMATION
fixed length control field 260205s2006##################000#0#eng##
020 ## - INTERNATIONAL STANDARD BOOK NUMBER
ISBN 9780300120523
082 04 - DEWEY DECIMAL CLASSIFICATION NUMBER
Classification number 305.821
Item number MAN
100 1# - MAIN ENTRY--AUTHOR NAME
Personal name Mandler, Peter,
245 10 - TITLE STATEMENT
Title The English National Character :
260 ## - PUBLICATION, DISTRIBUTION, ETC. (IMPRINT)
Name of publisher Yale University Press,
Year of publication 2006.
300 ## - PHYSICAL DESCRIPTION
Number of Pages 372 pages
650 #0 - SUBJECT ADDED ENTRY--TOPICAL TERM
Topical Term History.
942 ## - ADDED ENTRY ELEMENTS (KOHA)
Koha item type English Books
Holdings
Withdrawn status Lost status Damaged status Not for loan Home library Current library Shelving location Date acquired Full call number Accession Number Price effective from Koha item type
        Anna Centenary Library Anna Centenary Library 3RD FLOOR, B WING 05.02.2026 305.821 MAN 123233 05.02.2026 English Books

Find us on the map